Advanced quantum mechanics / (Record no. 29150)

000 -LEADER
fixed length control field 00467 a2200181 4500
003 - CONTROL NUMBER IDENTIFIER
control field NUST
005 - DATE AND TIME OF LATEST TRANSACTION
control field 20180118162456.0
008 - FIXED-LENGTH DATA ELEMENTS--GENERAL INFORMATION
fixed length control field 180118b xxu||||| |||| 00| 0 eng d
020 ## - INTERNATIONAL STANDARD BOOK NUMBER
International Standard Book Number 3642098746
020 ## - INTERNATIONAL STANDARD BOOK NUMBER
International Standard Book Number 9783642098741
082 04 - DEWEY DECIMAL CLASSIFICATION NUMBER
Classification number 530.12
100 1# - MAIN ENTRY--PERSONAL NAME
Personal name Schwabl, Franz.
9 (RLIN) 8909
245 10 - TITLE STATEMENT
Title Advanced quantum mechanics /
Statement of responsibility, etc. Franz Schwabl, R. Hilton, Angela Lahee.
250 ## - EDITION STATEMENT
Edition statement 3rd Ed.
260 ## - PUBLICATION, DISTRIBUTION, ETC.
Place of publication, distribution, etc. [S.l.] :
Name of publisher, distributor, etc. Springer,
Date of publication, distribution, etc. 2000.
300 ## - PHYSICAL DESCRIPTION
Extent 422 p. ;
Dimensions 24 cm.
700 ## - ADDED ENTRY--PERSONAL NAME
Personal name Hilton,
9 (RLIN) 8910
700 ## - ADDED ENTRY--PERSONAL NAME
Personal name Lahee, Angel
9 (RLIN) 8911
942 ## - ADDED ENTRY ELEMENTS (KOHA)
Institution code [OBSOLETE] SNS
Koha item type Book
Call number prefix 530.12 SCH
Source of classification or shelving scheme
Holdings
Withdrawn status Lost status Source of classification or shelving scheme Damaged status Not for loan Permanent Location Current Location Shelving location Date acquired Full call number Barcode Date last seen Price effective from Koha item type
        Not For Loan School of Natural Sciences (SNS) School of Natural Sciences (SNS) Reference 05/26/2016 530.12 SCH SNS0000461 05/26/2016 05/26/2016 Book
© 2023 Central Library, National University of Sciences and Technology. All Rights Reserved.